[Event "Paracin 2018"]
[Site "Paracin"]
[Date "2018.07.11"]
[Round "7.2"]
[White "Kadric, Denis"]
[Black "Lorparizangeneh, Shahin"]
[Result "1/2-1/2"]
[WhiteElo "2522"]
[BlackElo "2493"]
[PlyCount "41"]
[EventDate "2018.??.??"]

1. e4 c6 2. d4 d5 3. e5 c5 4. Ne2 Nc6 5. c3 h5 6. Be3 Nh6 7. f4 cxd4 8. Nxd4
Nf5 9. Bf2 Nfxd4 10. cxd4 Bg4 11. Be2 Bxe2 12. Qxe2 e6 13. O-O g6 14. a3 Rc8
15. Nc3 Qb6 16. Rac1 Qb3 17. Nb1 a6 18. Rc3 Qb5 19. Qc2 Be7 20. Rc1 O-O 21. Qd2
1/2-1/2

[Event "Paracin 2018"]
[Site "Paracin"]
[Date "2018.07.11"]
[Round "7.3"]
[White "Georgiev, Kiril"]
[Black "Harvey, Marcus R"]
[Result "1-0"]
[WhiteElo "2596"]
[BlackElo "2362"]
[PlyCount "89"]
[EventDate "2018.??.??"]

1. d4 Nf6 2. Nf3 e6 3. c4 b6 4. g3 Bb7 5. Bg2 Be7 6. O-O O-O 7. Re1 d6 8. d5 e5
9. Nc3 Nbd7 10. e4 a5 11. Rb1 Nc5 12. b3 Re8 13. a3 g6 14. b4 Ncd7 15. Qc2 Bf8
16. h3 Nh5 17. Be3 Qe7 18. Na4 axb4 19. axb4 Reb8 20. Rec1 Bc8 21. Nd2 Ng7 22.
c5 bxc5 23. bxc5 Rxb1 24. Rxb1 dxc5 25. Rb5 Ba6 26. Rb1 Qd6 27. Nb3 c4 28. Nd2
Qa3 29. Bf1 Bb4 30. Nxc4 Bxc4 31. Bxc4 Qxa4 32. Qxa4 Rxa4 33. Bb5 Ra8 34. Bc6
Rd8 35. Rxb4 f6 36. Rb7 Ne8 37. d6 Nxd6 38. Rxc7 Nb8 39. Bd5+ Kh8 40. Bh6 Rd7
41. Rc1 g5 42. Bf8 Nb7 43. Rc8 Na6 44. Bxb7 Rxb7 45. Bh6# 1-0

[Event "Paracin 2018"]
[Site "Paracin"]
[Date "2018.07.11"]
[Round "7.5"]
[White "Savic, Miodrag R"]
[Black "Gukesh, D."]
[Result "1/2-1/2"]
[WhiteElo "2541"]
[BlackElo "2433"]
[PlyCount "122"]
[EventDate "2018.??.??"]

1. e4 c6 2. d3 d5 3. Nd2 Nf6 4. Ngf3 dxe4 5. dxe4 Bg4 6. Bc4 e6 7. O-O Nbd7 8.
h3 Bh5 9. Qe1 Bc5 10. a3 a5 11. b3 O-O 12. Bb2 Qc7 13. Bd3 e5 14. Nh4 Rfe8 15.
Ndf3 Bd6 16. Qe3 Bg6 17. Nxg6 hxg6 18. Ng5 Nh7 19. Nxh7 Kxh7 20. Rad1 Bc5 21.
Qf3 Nf6 22. a4 Rab8 23. Ra1 Bd4 24. c3 Bc5 25. Rfd1 b5 26. axb5 cxb5 27. g3 Re6
28. Qe2 Qb6 29. Kg2 Nh5 30. Rf1 Rd6 31. Bc2 Re8 32. Rad1 b4 33. Rxd6 Bxd6 34.
cxb4 Bxb4 35. Bd3 Nf6 36. Bc4 Re7 37. Rd1 Qc6 38. Bd5 Nxd5 39. Rxd5 Rd7 40. Qd3
Rxd5 41. exd5 Qd6 42. Qc4 f6 43. Bc1 Kg8 44. Be3 Kf7 45. f4 Ke8 46. Kf3 exf4
47. Bxf4 Qd7 48. h4 Kf8 49. g4 Ke7 50. Qe4+ Kf7 51. Qc4 Ke7 52. Be3 Qd6 53.
Qe4+ Kf7 54. h5 gxh5 55. gxh5 Qh2 56. Qe6+ Kf8 57. h6 Qh1+ 58. Ke2 Qe1+ 59. Kf3
Qh1+ 60. Ke2 Qe1+ 61. Kf3 Qh1+ 1/2-1/2

[Event "Paracin 2018"]
[Site "Paracin"]
[Date "2018.07.11"]
[Round "7.7"]
[White "Raja, Rithvik R"]
[Black "Asadli, Vugar"]
[Result "1/2-1/2"]
[WhiteElo "2343"]
[BlackElo "2478"]
[PlyCount "34"]
[EventDate "2018.??.??"]

1. d4 Nf6 2. c4 e6 3. g3 d5 4. Nf3 Bb4+ 5. Bd2 Bd6 6. Nc3 O-O 7. Bg5 c6 8. Bg2
h6 9. Bxf6 Qxf6 10. O-O Qd8 11. Qb3 b6 12. Rfd1 a5 13. cxd5 exd5 14. Na4 Nd7
15. Nc3 Nb8 16. Na4 Nd7 17. Nc3 Nb8 1/2-1/2

[Event "Paracin 2018"]
[Site "Paracin"]
[Date "2018.07.11"]
[Round "7.8"]
[White "Ikeda, Junta"]
[Black "Ivic, Velimir"]
[Result "1-0"]
[WhiteElo "2437"]
[BlackElo "2432"]
[PlyCount "65"]
[EventDate "2018.??.??"]

1. Nf3 Nf6 2. c4 g6 3. g3 Bg7 4. Bg2 O-O 5. O-O d6 6. d4 c6 7. Nc3 Bf5 8. Ne1
e5 9. d5 cxd5 10. cxd5 Na6 11. e4 Bd7 12. Nd3 Ne8 13. f4 f5 14. Re1 Nb4 15. Nf2
Nf6 16. Qb3 a5 17. a3 Na6 18. fxe5 dxe5 19. exf5 gxf5 20. d6+ Kh8 21. Rxe5 Ne4
22. Re7 Nac5 23. Qc2 Bd4 24. Ncxe4 Nxe4 25. Bxe4 fxe4 26. Be3 Bg7 27. Qxe4 Bc6
28. Qg4 Bf6 29. Ne4 Bxe7 30. dxe7 Qd3 31. exf8=Q+ Rxf8 32. Bf2 Rg8 33. Ng5 1-0

[Event "Paracin 2018"]
[Site "Paracin"]
[Date "2018.07.11"]
[Round "7.9"]
[White "Kathmale, Sameer"]
[Black "Shyam, Sundar M"]
[Result "1/2-1/2"]
[WhiteElo "2323"]
[BlackElo "2527"]
[PlyCount "48"]
[EventDate "2018.??.??"]

1. e4 c5 2. c3 d6 3. d4 Nf6 4. Bd3 g6 5. f3 Bg7 6. Be3 Nfd7 7. Qd2 Nc6 8. Ne2
e5 9. d5 Ne7 10. Na3 f5 11. exf5 Nxf5 12. Bg5 Bf6 13. Bxf6 Nxf6 14. O-O-O a6
15. h4 b5 16. g4 Ne7 17. c4 e4 18. Bxe4 Nxe4 19. fxe4 Bxg4 20. e5 Nf5 21. h5
Bxe2 22. Qxe2 Qg5+ 23. Qd2 Qxd2+ 24. Rxd2 b4 1/2-1/2

[Event "Paracin 2018"]
[Site "Paracin"]
[Date "2018.07.11"]
[Round "7.11"]
[White "Gadimbayli, Abdulla"]
[Black "Gomes, Mary Ann"]
[Result "1-0"]
[WhiteElo "2420"]
[BlackElo "2284"]
[PlyCount "89"]
[EventDate "2018.??.??"]

1. e4 c5 2. Nf3 d6 3. Nc3 a6 4. d4 cxd4 5. Nxd4 Nf6 6. g3 e5 7. Nf3 Be7 8. Bg2
O-O 9. O-O Be6 10. Nh4 g6 11. Nd5 Nxd5 12. exd5 Bc8 13. Nf3 Bg4 14. Bh6 Re8 15.
Qd2 Bxf3 16. Bxf3 Nd7 17. Qb4 Nc5 18. Be3 Qc7 19. a4 a5 20. Qb5 Rec8 21. Ra3
Ra6 22. c3 f5 23. b4 Nd7 24. Rb1 Bd8 25. Be2 Nf6 26. c4 Nd7 27. c5 axb4 28.
Qxb4 dxc5 29. Qxb7 Rb8 30. Qxa6 Rxb1+ 31. Kg2 Rb6 32. Qc4 Qd6 33. Rb3 Rxb3 34.
Qxb3 f4 35. Bd2 g5 36. Bg4 e4 37. Be6+ Kf8 38. Qb7 f3+ 39. Kf1 Ne5 40. a5 Bc7
41. a6 Qb6 42. Bxg5 Qxb7 43. axb7 c4 44. Bf5 Nd3 45. Be3 1-0

[Event "Paracin 2018"]
[Site "Paracin"]
[Date "2018.07.11"]
[Round "7.12"]
[White "Stankovic, Milos"]
[Black "Colovic, Dusan"]
[Result "1-0"]
[WhiteElo "2420"]
[BlackElo "2279"]
[PlyCount "41"]
[EventDate "2018.??.??"]

1. e4 d6 2. d4 g6 3. Nf3 Nf6 4. Nc3 Bg7 5. Be2 O-O 6. Bf4 Bg4 7. h3 Bxf3 8.
Bxf3 Nc6 9. d5 Nb8 10. O-O Nfd7 11. Qd2 Ne5 12. Be2 e6 13. Bg5 Qe8 14. f4 Ned7
15. dxe6 fxe6 16. f5 Nb6 17. fxe6 Qxe6 18. Rxf8+ Bxf8 19. Nd5 Nxd5 20. Bc4 c6
21. exd5 1-0

[Event "Paracin 2018"]
[Site "Paracin"]
[Date "2018.07.11"]
[Round "7.18"]
[White "Sredojevic, Ivan"]
[Black "Yilmazyerli, Mert"]
[Result "1/2-1/2"]
[WhiteElo "2298"]
[BlackElo "2491"]
[PlyCount "69"]
[EventDate "2018.??.??"]

1. Nf3 g6 2. e4 Bg7 3. d4 d6 4. Nc3 a6 5. Be2 b5 6. a3 Bb7 7. O-O Nd7 8. Re1 c5
9. Bf1 cxd4 10. Nxd4 Ngf6 11. g3 O-O 12. Bg2 Qc7 13. Nd5 Nxd5 14. exd5 Nb6 15.
c3 Bxd5 16. Nxb5 Qb7 17. Bxd5 Nxd5 18. Nd4 Rfc8 19. Nc2 Rab8 20. Nb4 Nf6 21.
Bg5 Rc5 22. Be3 Rh5 23. Bd4 a5 24. Bxf6 Bxf6 25. Nd3 Rf5 26. Rc1 h5 27. b4 Rf3
28. bxa5 Rf5 29. c4 Rxa5 30. c5 dxc5 31. Nxc5 Qa7 32. Nd7 Ra8 33. Nxf6+ exf6
34. Rc6 Rxa3 35. Rxf6 1/2-1/2

[Event "Paracin 2018"]
[Site "Paracin"]
[Date "2018.07.11"]
[Round "7.20"]
[White "Jocev, Milan"]
[Black "Harsha, Bharathakoti"]
[Result "1-0"]
[WhiteElo "2256"]
[BlackElo "2465"]
[PlyCount "89"]
[EventDate "2018.??.??"]

1. e4 c5 2. Nf3 d6 3. Bb5+ Nd7 4. d4 cxd4 5. Qxd4 a6 6. Bxd7+ Bxd7 7. c4 e5 8.
Qd3 Rc8 9. Nc3 h6 10. O-O Nf6 11. b3 Be7 12. Rd1 O-O 13. a4 Qb6 14. Ba3 Bg4 15.
h3 Bxf3 16. Qxf3 Rfe8 17. Nd5 Nxd5 18. Rxd5 Rc6 19. Rad1 Bf8 20. R1d3 Re6 21.
Qe3 Qxe3 22. Rxe3 g6 23. Kf1 Be7 24. Ke2 Kf8 25. Rf3 h5 26. Kd3 Bd8 27. b4 Ke7
28. Kc3 Bb6 29. a5 Bd4+ 30. Kb3 Rc8 31. b5 Rc7 32. Rd3 Kd7 33. f4 axb5 34. cxb5
f5 35. fxe5 Bxe5 36. Bxd6 Rxd6 37. Rxd6+ Bxd6 38. e5 Rc5 39. Rxd6+ Kc8 40. Kb4
Rxe5 41. Rxg6 f4 42. Rf6 Rg5 43. Rxf4 Rxg2 44. Rf5 h4 45. Rh5 1-0

[Event "Paracin 2018"]
[Site "Paracin"]
[Date "2018.07.11"]
[Round "7.21"]
[White "Cerovic, Danilo"]
[Black "Arsovic, Zoran"]
[Result "1-0"]
[WhiteElo "2294"]
[BlackElo "2436"]
[PlyCount "73"]
[EventDate "2018.??.??"]

1. e4 c5 2. Nf3 e6 3. d4 cxd4 4. Nxd4 Nc6 5. Nc3 Qc7 6. Be3 a6 7. Qd2 Nf6 8. f4
b5 9. e5 Ng4 10. Bg1 Bb7 11. O-O-O Rd8 12. Ndxb5 axb5 13. Nxb5 Qc8 14. Bb6 f5
15. Be2 Bb4 16. Nd6+ Bxd6 17. Qxd6 g6 18. h3 Nh6 19. Bxd8 Nxd8 20. Bb5 Bc6 21.
Bxc6 dxc6 22. Rd3 Nb7 23. Qb4 Rf8 24. Rhd1 Rf7 25. a4 Re7 26. Qb6 Nf7 27. a5
Qc7 28. Qxc7 Rxc7 29. b4 Nbd8 30. Ra3 g5 31. g3 gxf4 32. gxf4 Nh8 33. a6 Ra7
34. c4 Ng6 35. b5 cxb5 36. cxb5 Rc7+ 37. Kb2 1-0

[Event "Paracin 2018"]
[Site "Paracin"]
[Date "2018.07.11"]
[Round "7.22"]
[White "Popovic, Milan S"]
[Black "Lajthajm, Borko"]
[Result "1/2-1/2"]
[WhiteElo "2264"]
[BlackElo "2422"]
[PlyCount "101"]
[EventDate "2018.??.??"]

1. e4 c5 2. Nf3 a6 3. b3 Nf6 4. e5 Nd5 5. Bb2 Nc6 6. Nc3 Nxc3 7. Bxc3 d5 8.
exd6 Qxd6 9. g3 Bg4 10. Bg2 f6 11. h3 Bh5 12. O-O e5 13. d3 O-O-O 14. a3 Qc7
15. Re1 g5 16. g4 Bf7 17. Nd2 h5 18. Ne4 Be7 19. b4 c4 20. Qf3 hxg4 21. hxg4
Nd4 22. Bxd4 Rxd4 23. dxc4 Bxc4 24. Rad1 Kb8 25. c3 Rd5 26. Rxd5 Bxd5 27. Rd1
Rd8 28. Qe3 Qc6 29. Rd2 Rd7 30. Bf3 Qe6 31. Ng3 Bb3 32. Rxd7 Qxd7 33. Qe4 Bd8
34. Nf5 Ba4 35. Qd5 Qxd5 36. Bxd5 Bd1 37. f3 b5 38. Kf2 Bb6+ 39. Ke1 Bc2 40.
Be4 Bb3 41. Kd2 Bd8 42. Kc1 Kc7 43. Kb2 Be6 44. Kc2 Kd7 45. Kb2 a5 46. Kc2 Bb6
47. Bd3 Kc6 48. Be4+ Kc7 49. Bd3 Bd5 50. Be4 Be6 51. Bd3 1/2-1/2

[Event "Paracin 2018"]
[Site "Paracin, Hotel Petrus"]
[Date "2018.07.11"]
[Round "7.31"]
[White "Ivic, Matija"]
[Black "Kulkarni, Chinmay"]
[Result "1-0"]
[WhiteElo "2245"]
[BlackElo "2336"]
[PlyCount "113"]
[EventDate "2018.07.06"]

1. c4 e5 2. g3 Nf6 3. Bg2 d5 4. cxd5 Nxd5 5. Nc3 Nb6 6. Nf3 Nc6 7. O-O Be7 8.
d3 O-O 9. Be3 Re8 10. Rc1 Bf8 11. Ne4 Nd4 12. Nc5 c6 13. Nb3 Nxf3+ 14. Bxf3 Be6
15. Bc5 Be7 16. Qc2 Bg5 17. Rcd1 Bd5 18. e4 Bxb3 19. Qxb3 Bf6 20. Bg4 Qc7 21.
Qb4 Be7 22. d4 exd4 23. Rxd4 Bxc5 24. Qxc5 Re5 25. Qc2 c5 26. f4 Qe7 27. fxe5
cxd4 28. Qb3 Re8 29. a4 d3 30. a5 Na8 31. e6 fxe6 32. Qxd3 Nc7 33. Qc4 g6 34.
Rc1 Na6 35. Qd4 e5 36. Qd5+ Kg7 37. Bc8 Qg5 38. Rc3 Rd8 39. Qxb7+ Kh6 40. Qb3
Nb4 41. Bh3 Rd4 42. Qf7 Qd8 43. Rc7 Rd1+ 44. Bf1 Qd4+ 45. Qf2 Qxf2+ 46. Kxf2
Rd2+ 47. Ke3 Rxb2 48. Rxa7 Ra2 49. a6 Ra1 50. Bc4 Rc1 51. Bg8 Rc6 52. h4 Kh5
53. Rxh7+ Kg4 54. a7 Rc3+ 55. Kd2 Ra3 56. Bd5 Nxd5 57. exd5 1-0

[Event "Paracin 2018"]
[Site "Paracin, Hotel Petrus"]
[Date "2018.07.11"]
[Round "7.32"]
[White "Vujacic, Borivoje"]
[Black "Konaplev, Anton"]
[Result "1-0"]
[WhiteElo "2213"]
[BlackElo "2316"]
[PlyCount "93"]
[EventDate "2018.07.06"]

1. e4 e6 2. d4 d5 3. Nd2 Be7 4. Ngf3 Nf6 5. Bd3 c5 6. e5 Nfd7 7. c3 Nc6 8. O-O
g5 9. dxc5 g4 10. Nd4 Ndxe5 11. N2b3 h5 12. Re1 a6 13. Bf4 Bf6 14. Nxc6 Nxc6
15. Bd6 Be7 16. Bxe7 Qxe7 17. c4 dxc4 18. Bxc4 Bd7 19. Qe2 Rg8 20. Rad1 h4 21.
Nd4 Rg5 22. b4 g3 23. Nf3 Rg8 24. a3 gxh2+ 25. Kxh2 Qf6 26. Qe4 Rd8 27. Rd6 Qg7
28. Bf1 Qb2 29. Qe3 Bc8 30. Rxd8+ Kxd8 31. Nxh4 Qf6 32. g3 e5 33. Bg2 Bd7 34.
Rd1 Kc8 35. Rd6 Qe7 36. Kg1 f5 37. Qb3 Re8 38. Qd5 f4 39. Be4 fxg3 40. fxg3 Qg7
41. Kh2 Kc7 42. Rg6 Qh8 43. Qd6+ Kc8 44. Rh6 Qg8 45. Rh7 Qa2+ 46. Ng2 Rd8 47.
Bf5 1-0

[Event "Paracin 2018"]
[Site "Paracin, Hotel Petrus"]
[Date "2018.07.11"]
[Round "7.33"]
[White "Terziev, Dimo"]
[Black "Olcum, Ahmet"]
[Result "0-1"]
[WhiteElo "2016"]
[BlackElo "2316"]
[PlyCount "108"]
[EventDate "2018.07.06"]

1. e4 d6 2. d4 g6 3. Nf3 Bg7 4. a4 Nf6 5. Nc3 O-O 6. Be2 Nc6 7. h3 e5 8. O-O
exd4 9. Nxd4 Nxe4 10. Nxc6 Nxc3 11. Nxd8 Nxd1 12. Nxf7 Nxb2 13. Nh6+ Kh8 14.
Ra2 Re8 15. Bb5 c6 16. Nf7+ Kg8 17. Nxd6 Be6 18. Nxe8 Rxe8 19. Rxb2 Bxb2 20.
Bxb2 cxb5 21. axb5 Bc4 22. Ra1 Bxb5 23. Rxa7 Ba6 24. c4 Kf7 25. c5 Rc8 26. c6
Rxc6 27. Ra8 h5 28. Bd4 Ke6 29. Be3 Kd5 30. Rd8+ Kc4 31. Rd4+ Kc3 32. Rd1 Bd3
33. g4 b5 34. Bd2+ Kb3 35. Bf4 Bc2 36. Rd5 Kc4 37. Rd6 Rc8 38. Rd7 Re8 39. Rc7+
Kd3 40. Rd7+ Kc3 41. Be3 b4 42. Bd2+ Kb3 43. Rb7 Re4 44. gxh5 gxh5 45. Rb5 Bd1
46. Kg2 Be2 47. Rb8 Rd4 48. Be3 Rd5 49. f4 Kc3 50. Bf2 b3 51. Be1+ Kc2 52. Rc8+
Kd1 53. Bc3 Ba6 54. Rb8 Kc2 0-1

[Event "Paracin 2018"]
[Site "Paracin, Hotel Petrus"]
[Date "2018.07.11"]
[Round "7.34"]
[White "Vaishali, R."]
[Black "Ninov, Dayan"]
[Result "0-1"]
[WhiteElo "2337"]
[BlackElo "2229"]
[PlyCount "62"]
[EventDate "2018.07.06"]

1. c4 c6 2. d4 d5 3. cxd5 cxd5 4. Bg5 Qb6 5. Nc3 Nc6 6. Qd2 e6 7. e3 Nf6 8.
Bxf6 gxf6 9. Bd3 Bd7 10. Nf3 Rc8 11. O-O Be7 12. Rac1 O-O 13. e4 dxe4 14. Bxe4
f5 15. Bb1 Bf6 16. Ne2 Qb4 17. Rc3 Kh8 18. a3 Qd6 19. Qh6 Qe7 20. Re3 Bg7 21.
Qf4 Qf6 22. Ne5 Rcd8 23. Nxd7 Rxd7 24. d5 Rxd5 25. Qc7 Qe7 26. Qg3 Qd6 27. f4
Rd1 28. Ref3 Nd4 29. Nxd4 Qxd4+ 30. Kh1 Rd8 31. b4 Qa1 0-1

[Event "Paracin 2018"]
[Site "Paracin, Hotel Petrus"]
[Date "2018.07.11"]
[Round "7.35"]
[White "Sylvan, Jacob"]
[Black "Jigjidsuren, Purev"]
[Result "1-0"]
[WhiteElo "2332"]
[BlackElo "2183"]
[PlyCount "65"]
[EventDate "2018.07.06"]

1. d4 b6 2. e4 Bb7 3. Bd3 e6 4. Qe2 Be7 5. Nf3 c5 6. c3 d6 7. O-O Nd7 8. Rd1
Qc7 9. Bf4 Ngf6 10. h3 O-O 11. Nbd2 Rfe8 12. e5 Nd5 13. Bg3 cxd4 14. cxd4 dxe5
15. Rac1 Qd8 16. dxe5 Rc8 17. Nc4 b5 18. Nd6 Bxd6 19. exd6 a6 20. a4 bxa4 21.
Bxa6 Qb6 22. Bb5 Bc6 23. Rxc6 Rxc6 24. Rxd5 Rc1+ 25. Kh2 Rb8 26. Bxd7 a3 27.
Bxe6 a2 28. Bxf7+ Kh8 29. d7 Rf8 30. Qe8 Rh1+ 31. Kxh1 a1=Q+ 32. Kh2 Qa8 33.
Bd6 1-0

[Event "Paracin 2018"]
[Site "Paracin, Hotel Petrus"]
[Date "2018.07.11"]
[Round "7.36"]
[White "Olson, Hamish"]
[Black "Budisavljevic, Luka"]
[Result "1/2-1/2"]
[WhiteElo "2229"]
[BlackElo "2324"]
[PlyCount "94"]
[EventDate "2018.07.06"]

1. Nf3 Nf6 2. c4 b6 3. d4 e6 4. a3 c5 5. e3 Bb7 6. Nc3 Be7 7. d5 exd5 8. cxd5
d6 9. Bd3 O-O 10. e4 Ba6 11. O-O Bxd3 12. Qxd3 Nbd7 13. h3 Ne8 14. Bf4 Bf6 15.
Nd2 Bd4 16. Qg3 Qf6 17. Nf3 Ne5 18. Nxd4 cxd4 19. Nb5 Ng6 20. Bxd6 Nxd6 21.
Qxd6 Qh4 22. Rad1 Nf4 23. Nxd4 Rad8 24. Qe5 Rfe8 25. Qxg7+ Kxg7 26. Nf5+ Kf6
27. Nxh4 Rxe4 28. Nf3 Rxd5 29. Rxd5 Nxd5 30. Rd1 Nf4 31. Rd7 Re2 32. b4 a5 33.
bxa5 bxa5 34. Rd4 Re1+ 35. Kh2 Ne6 36. Ra4 Rf1 37. Nd2 Rd1 38. Nb3 Rd3 39. Nxa5
Nd4 40. Nc4 Nc2 41. Ra6+ Kg7 42. Ra7 Rc3 43. Ne5 Kf6 44. f4 Rxa3 45. Rxf7+ Ke6
46. Rxh7 Ne3 47. Ng4 Nf1+ 1/2-1/2

[Event "Paracin 2018"]
[Site "Paracin, Hotel Petrus"]
[Date "2018.07.11"]
[Round "7.37"]
[White "Uysal, Burak"]
[Black "Ozen, Bahadir"]
[Result "1/2-1/2"]
[WhiteElo "2185"]
[BlackElo "2317"]
[PlyCount "40"]
[EventDate "2018.07.06"]

1. e4 g6 2. d4 Bg7 3. Nc3 e6 4. Nf3 a6 5. a4 b6 6. Bc4 d6 7. Be3 h6 8. Qd2 Ne7
9. h3 Nd7 10. O-O Bb7 11. Rad1 Nf6 12. Bd3 Qd7 13. Rfe1 Rd8 14. Qe2 Qc8 15. Qd2
Qa8 16. Bf4 Nd7 17. Bf1 Kf8 18. Qe2 Kg8 19. Bc1 Kh7 20. Qd2 Rhe8 1/2-1/2

[Event "Paracin 2018"]
[Site "Paracin, Hotel Petrus"]
[Date "2018.07.11"]
[Round "7.38"]
[White "Milosevic, Milos"]
[Black "Ersahin, Bulent"]
[Result "1-0"]
[WhiteElo "2315"]
[BlackElo "2179"]
[PlyCount "59"]
[EventDate "2018.07.06"]

1. e4 c5 2. Nf3 d6 3. Bb5+ Nd7 4. c4 Ngf6 5. Nc3 g6 6. O-O Bg7 7. d3 O-O 8. Ba4
Nb6 9. Bb3 Bg4 10. h3 Bxf3 11. Qxf3 Nfd7 12. Qg3 Ne5 13. Bg5 Nc6 14. Rae1 Qd7
15. Bd1 Kh8 16. Qh4 Bd4 17. Bg4 f5 18. exf5 gxf5 19. Bh5 e6 20. Re2 Nd8 21. Nb5
Nc6 22. Rfe1 Qg7 23. Rxe6 Ne5 24. Re7 Nf7 25. Bxf7 Rxf7 26. Nxd4 cxd4 27. Rxf7
Qxf7 28. Re7 Qg6 29. Bf6+ Kg8 30. Qxd4 1-0

[Event "Paracin 2018"]
[Site "Paracin, Hotel Petrus"]
[Date "2018.07.11"]
[Round "7.39"]
[White "Omorjan, Dejan"]
[Black "Ashid, Tsetseg-Ulzii"]
[Result "1/2-1/2"]
[WhiteElo "2292"]
[BlackElo "2055"]
[PlyCount "105"]
[EventDate "2018.07.06"]

1. Nf3 d5 2. g3 Bf5 3. Bg2 e6 4. O-O Nd7 5. d3 Ngf6 6. Nbd2 c6 7. b3 Be7 8. Bb2
O-O 9. Re1 h6 10. e4 dxe4 11. dxe4 Bh7 12. Qe2 Qc7 13. h4 Rfd8 14. a3 Bc5 15.
b4 Be7 16. e5 Nd5 17. Ne4 a5 18. c4 Bxe4 19. Qxe4 N5b6 20. Bc3 axb4 21. axb4
Rxa1 22. Rxa1 Ra8 23. Rxa8+ Nxa8 24. c5 Qc8 25. Nd4 Nc7 26. Bf1 Nd5 27. Bd2 Qa8
28. Bd3 Nf8 29. Kg2 Qa3 30. Nf3 Qb2 31. Qg4 Kh8 32. Qc4 Kg8 33. h5 Nd7 34. Qe4
Nf8 35. Bc2 Qa3 36. Ng1 Qa2 37. Ne2 Qb2 38. Ng1 Qa2 39. Nf3 Qb2 40. Nh2 Bg5 41.
f4 Be7 42. Nf1 Qa2 43. Kh3 Bd8 44. Ne3 Nxe3 45. Bxe3 Qd5 46. b5 cxb5 47. Qxd5
exd5 48. Bb3 Be7 49. Bxd5 Ne6 50. f5 Nxc5 51. Bxc5 Bxc5 52. Kg4 Kf8 53. f6
1/2-1/2

[Event "Paracin 2018"]
[Site "Paracin, Hotel Petrus"]
[Date "2018.07.11"]
[Round "7.40"]
[White "Krstic, Milos"]
[Black "Sevgi, Volkan"]
[Result "1/2-1/2"]
[WhiteElo "2137"]
[BlackElo "2277"]
[PlyCount "79"]
[EventDate "2018.07.06"]

1. e4 c5 2. Nf3 Nc6 3. d4 cxd4 4. Nxd4 Nf6 5. Nc3 d6 6. g3 e5 7. Nde2 Be7 8.
Bg2 h5 9. h3 Be6 10. Be3 Rc8 11. Nd5 Bxd5 12. exd5 Nb8 13. Qd2 Nbd7 14. b3 Nc5
15. f4 O-O 16. O-O Nfe4 17. Qe1 a5 18. a3 f5 19. b4 axb4 20. axb4 Nd7 21. Bxe4
fxe4 22. Qd2 Qc7 23. Rfc1 Qc4 24. Ra7 Rc7 25. Ra3 Bd8 26. Rc3 Qxb4 27. Rxc7
Qxd2 28. Bxd2 Bxc7 29. Be3 Bb6 30. Bxb6 Nxb6 31. Rb1 Nxd5 32. fxe5 dxe5 33.
Rxb7 Ne3 34. Nc3 Rf1+ 35. Kh2 Rf2+ 36. Kh1 Rf1+ 37. Kh2 Nxc2 38. Nxe4 Nd4 39.
Ng5 Rf5 40. h4 1/2-1/2

[Event "Paracin 2018"]
[Site "Paracin, Hotel Petrus"]
[Date "2018.07.11"]
[Round "7.41"]
[White "Bojicic, Andjela"]
[Black "Cvetkovic, Srdjan"]
[Result "1/2-1/2"]
[WhiteElo "2028"]
[BlackElo "2262"]
[PlyCount "45"]
[EventDate "2018.07.06"]

1. d4 Nf6 2. c4 e6 3. Nc3 Bb4 4. Nf3 c5 5. g3 Ne4 6. Bd2 Nxd2 7. Qxd2 cxd4 8.
Qxd4 Qf6 9. Rc1 Nc6 10. Qxf6 gxf6 11. Bg2 b6 12. O-O Bxc3 13. Rxc3 Bb7 14. Rd1
Rc8 15. Nd4 Nxd4 16. Rxd4 Bxg2 17. Kxg2 Ke7 18. Kf3 Rc7 19. Rcd3 f5 20. Rd2 Rd8
21. b3 d6 22. Rh4 Rh8 23. Rhd4 1/2-1/2

[Event "Paracin 2018"]
[Site "Paracin, Hotel Petrus"]
[Date "2018.07.11"]
[Round "7.42"]
[White "Uzumcu, Ahmet Utku"]
[Black "Demirag, Gokhan"]
[Result "1-0"]
[WhiteElo "2261"]
[BlackElo "1855"]
[PlyCount "47"]
[EventDate "2018.07.06"]

1. e4 c5 2. Nf3 d6 3. d4 cxd4 4. Nxd4 Nf6 5. Nc3 a6 6. h3 e6 7. g4 d5 8. exd5
Nxd5 9. Nde2 Bb4 10. Bg2 Nxc3 11. Qxd8+ Kxd8 12. Nxc3 Nc6 13. Be3 Kc7 14. O-O
Bxc3 15. bxc3 f6 16. Rab1 b5 17. Rfd1 Rb8 18. Bc5 Rd8 19. Rxd8 Nxd8 20. Bf8 e5
21. Bxg7 Rb6 22. g5 Rd6 23. Bxf6 Nf7 24. Be4 1-0

[Event "Paracin 2018"]
[Site "Paracin, Hotel Petrus"]
[Date "2018.07.11"]
[Round "7.43"]
[White "Toncheva, Nadya"]
[Black "Matovic, Mihajlo Z"]
[Result "1/2-1/2"]
[WhiteElo "1975"]
[BlackElo "2256"]
[PlyCount "62"]
[EventDate "2018.07.06"]

1. d4 Nf6 2. c4 e6 3. Nc3 Bb4 4. e3 O-O 5. Bd3 d5 6. Nge2 c5 7. cxd5 exd5 8. a3
cxd4 9. axb4 dxc3 10. bxc3 Nc6 11. O-O Re8 12. Bc2 Bg4 13. f3 Bh5 14. Nf4 Bg6
15. Bb3 Ne7 16. g4 Qc7 17. Bb2 Rad8 18. Re1 h5 19. gxh5 Nxh5 20. Nxg6 Nxg6 21.
Rxa7 Re5 22. Kh1 Qe7 23. Qd2 Qh4 24. Rg1 Rde8 25. Bxd5 Rxe3 26. Be4 R8xe4 27.
fxe4 Ng3+ 28. Rxg3 Rxg3 29. Qe1 Rg1+ 30. Qxg1 Qxe4+ 31. Qg2 Qe1+ 1/2-1/2

[Event "Paracin 2018"]
[Site "Paracin, Hotel Petrus"]
[Date "2018.07.11"]
[Round "7.44"]
[White "Sultan, Ibrahim"]
[Black "Becker, Marcel"]
[Result "0-1"]
[WhiteElo "2126"]
[BlackElo "2330"]
[PlyCount "74"]
[EventDate "2018.07.06"]

1. d4 d5 2. c4 c6 3. cxd5 cxd5 4. Nc3 Nf6 5. Bf4 Nc6 6. e3 e6 7. Bd3 Be7 8. Rc1
O-O 9. h3 Qb6 10. Qe2 Bd7 11. Nf3 Nb4 12. Bb1 Ne4 13. Bxe4 dxe4 14. Ne5 Be8 15.
O-O Nd5 16. Bg3 Nxc3 17. bxc3 Qa5 18. Qg4 Qa6 19. Qxe4 f6 20. Nf3 Bg6 21. Qg4
Bf5 22. Qf4 g5 23. Qc7 Ba3 24. Bh2 e5 25. dxe5 Rac8 26. Qxc8 Rxc8 27. Rcd1 Bd3
28. Rfe1 Bb2 29. exf6 Bxc3 30. Rc1 Bf5 31. e4 Bxe1 32. Rxe1 Be6 33. Be5 g4 34.
hxg4 Bxg4 35. Ng5 h6 36. Nf3 Bxf3 37. gxf3 Qa5 0-1

[Event "Paracin 2018"]
[Site "Paracin, Hotel Petrus"]
[Date "2018.07.11"]
[Round "7.45"]
[White "Rakshitta, Ravi"]
[Black "Jovanovic, Sasa T"]
[Result "1-0"]
[WhiteElo "2026"]
[BlackElo "2258"]
[PlyCount "85"]
[EventDate "2018.07.06"]

1. e4 d6 2. d4 Nf6 3. Nc3 e5 4. dxe5 dxe5 5. Qxd8+ Kxd8 6. Bc4 Be6 7. Bxe6 fxe6
8. Nf3 Nbd7 9. Ng5 Ke7 10. Nb5 c6 11. Nc7 Rc8 12. Ncxe6 h6 13. Nxf8 Rhxf8 14.
Nf3 Nxe4 15. O-O Rf5 16. b3 Kf7 17. Bb2 Re8 18. Rfe1 Nxf2 19. Rf1 Rxf3 20. gxf3
Nh3+ 21. Kh1 Nf4 22. Rad1 Nf6 23. Rfe1 Ng6 24. c4 h5 25. Re3 h4 26. Rde1 Nd7
27. f4 Nxf4 28. Bxe5 Nxe5 29. Rxe5 Ne6 30. Rh5 g5 31. Rh7+ Kf6 32. Rd7 a5 33.
a3 Kf5 34. Rf7+ Kg6 35. Rxb7 Kf5 36. Rf7+ Kg6 37. Rd7 Kf5 38. Rd6 c5 39. Rd5+
Kf6 40. Rxc5 Nxc5 41. Rxe8 Nxb3 42. Rb8 Nd2 43. c5 1-0

[Event "Paracin 2018"]
[Site "Paracin, Hotel Petrus"]
[Date "2018.07.11"]
[Round "7.46"]
[White "Stanojevic, Ilija"]
[Black "Mitev, Valentin"]
[Result "0-1"]
[WhiteElo "2120"]
[BlackElo "2242"]
[PlyCount "72"]
[EventDate "2018.07.06"]

1. c4 e6 2. Nc3 d5 3. d4 dxc4 4. e3 a6 5. Bxc4 b5 6. Bb3 Bb7 7. Nf3 Nf6 8. O-O
Nbd7 9. a3 Bd6 10. Re1 c5 11. e4 cxd4 12. Nxd4 Ne5 13. Bg5 Bc5 14. Nf3 Qxd1 15.
Raxd1 Nxf3+ 16. gxf3 Rc8 17. Rd3 h6 18. Bh4 Nd7 19. Red1 Bc6 20. Ne2 Be7 21.
Bxe7 Kxe7 22. Nd4 Ne5 23. Rc3 g5 24. Rc5 Kf6 25. Nxc6 Rxc6 26. Rxc6 Nxc6 27.
Rd6 Rc8 28. Kg2 Ke7 29. e5 a5 30. a4 b4 31. Kg3 Nxe5 32. Ra6 Rc5 33. Bd1 Rc1
34. Rxa5 Nd3 35. Ra7+ Kf6 36. f4 Rxd1 0-1